Multi-National Regions (the boring kind) - Statistics

General Stats
  • This quiz has been taken 32 times
  • The average score is 6 of 24
Answer Stats
States Name % Correct
Iceland, Denmark, Norway, Sweden, Finland Northern Europe
85%
Croatia, Bosnia and Herzegovina, Serbia, Greece, Bulgaria, more... Southeast Europe
63%
Spain, Portugal, Andorra Southwest Europe
63%
Senegal, Gambia, Guinea-Bissau, Guinea, Sierra Leone, Liberia, Côte d'Ivoire, Ghana, Togo, Benin West Africa
52%
Vietnam, Cambodia, Laos, Thailand, Burma Southeast-Central Asia
44%
Eritrea, Djibouti, Ethiopia, Somalia East Africa
37%
India, Pakistan, Bangladesh, Sri Lanka, Nepal, Bhutan South Asia
33%
Chile, Argentina, Paraguay, Uruguay Southern South America
33%
Morocco, Algeria, Tunisia, Libya, Mauritania Northwest Africa
30%
Saudi Arabia, Kuwait, Qatar, Bahrain, U.A.E., Oman, Yemen Southwest Asia
26%
Egypt, Lebanon, Syria, Israel, Saudi Arabia, Iraq, Iran, Turkey, etc... West Asia
19%
Palau, Marshall Islands, F.S.M., Kiribati Northwest Oceania
15%
Australia, New Zealand, Papupa New Guinea Southwest Oceania
15%
Papua New Guinea, Solomon Islands, Vanuatu, Fiji West Oceania
15%
New Zealand, Tonga, Samoa, Tuvalu East Oceania
11%
Denmark, Norway, Sweden North-Central Europe
11%
Georgia, Armenia, Azerbaijan Northwest Asia
11%
Lebanon, Syria, Jordan, Israel Far-West Asia
4%
Slovenia, Croatia, Bosnia and Herzegovina, Montenegro, Serbia, Kosovo, Macedonia Southeast-Central Europe
4%
Bahamas, Cuba, Haiti, Dominican Republic, Jamaica, Trinidad and Tobago, more... East-Central America
0%
Estonia, Latvia, Lithuania Northeast-Central Europe
0%
Mexico, Cuba, Haiti, Guatemala, Costa Rica, Colombia, Ecuador, Peru, Chile, more... South-and-Central America
0%
Saudi Arabia, Kuwait, Qatar, Bahrain, U.A.E., Oman Southwest-Central Asia
0%
Belgium, Netherlands, Luxembourg West-Central Europe
0%
No matching quizzes found
Score Distribution
Percent of People with Each Score
Percentile by Number Answered
Your Score History
You have not taken this quiz